000 00476nam a22001817a 4500
003 NUST
005 20260413143252.0
008 260413b ||||| |||| 00| 0 eng d
020 _a0-948549785
082 _a630.321
_bPET
100 _aAlan Stephens
_9134066
245 _aDictionary of Agriculture /
_cAlan Stephens.
250 _a2nd Edition
260 _aUK:
_bPeter Collin Publishing,
_c1996.
300 _a277 p ;
_c24.1 cm
563 _aPapercover
942 _2ddc
_cBK
999 _c616997
_d616997